[Event "Benidorm Bali op-B 21st"]
[Site "Benidorm"]
[Date "2024.12.03"]
[Round "7"]
[White "Johansen, Lars"]
[Black "Lloret Climent, Miguel"]
[Result "1-0"]
[WhiteElo "1920"]
[BlackElo "1975"]
[PlyCount "83"]
[EventDate "2024.11.29"]
[EventType "swiss"]
[EventRounds "9"]
[EventCountry "ESP"]
[SourceTitle "CB50_2024"]
[SourceDate "2024.11.01"]
[SourceVersion "1"]
[SourceVersionDate "2024.11.01"]
[SourceQuality "2"]

1. e4 d6 2. d4 Nf6 3. Nc3 g6 4. Be3 Bg7 5. Qd2 c6 6. h3 b5 7. Bd3 Qc7 8. f4 e5 9. Nf3 exd4 10. Bxd4 b4 11. Ne2 Nbd7 12. e5 dxe5 13. fxe5 Nd5 14. e6 N7f6 15. exf7+ Qxf7 16. Bc5 Nd7 17. Bxb4 Nxb4 18. Qxb4 Rb8 19. Qe4+ Qe7 20. Rb1 Qxe4 21. Bxe4 Rxb2 22. Rxb2 Bxb2 23. Bxc6 0-0 24. c3 Nb6 25. Nfd4 Ba6 26. Kd2 Bc4 27. a4 Rd8 28. Kc2 Ba3 29. Nf4 Kf7 30. Re1 Rd6 31. Bb5 Bxb5 32. Nxb5 Bc5 33. Nxd6+ Bxd6 34. Nd3 a5 35. Rb1 Nc4 36. Rb7+ Kg8 37. g4 g5 38. Nf2 h6 39. Kd3 Ne5+ 40. Ke4 Nf7 41. Kd5 Bf4 42. Ne4 1-0

[Event "NOR-ch Seniors 50"]
[Site "Sarpsborg"]
[Date "2018.07.13"]
[Round "8"]
[White "Johansen, Lars"]
[Black "Andersen, Harry"]
[Result "1-0"]
[WhiteElo "1902"]
[BlackElo "1939"]
[PlyCount "40"]
[EventDate "2018.07.07"]
[EventType "swiss"]
[EventRounds "9"]
[EventCountry "NOR"]
[SourceTitle "EXT 2024"]
[Source "ChessBase"]
[SourceDate "2023.10.10"]
[SourceVersion "1"]
[SourceVersionDate "2023.10.10"]
[SourceQuality "1"]

1. e4 e5 2. Nf3 Nc6 3. d4 exd4 4. Nxd4 Bc5 5. Nxc6 Qf6 6. Qf3 dxc6 7. Nc3 Be6 8. Bd3 0-0-0 9. Qg3 Bd6 10. f4 Qg6 11. Qf2 Bb4 12. f5 Qf6 13. Bd2 Bd5 14. 0-0-0 Nh6 15. exd5 cxd5 16. h3 Qc6 17. Nb5 Bxd2+ 18. Rxd2 Qf6 19. Qxa7 Qc6 20. Nd4 Kd7 1-0

[Event "NOR-ch Seniors 50"]
[Site "Sarpsborg"]
[Date "2018.07.12"]
[Round "7"]
[White "Hansen, Svein Erik"]
[Black "Johansen, Lars"]
[Result "0-1"]
[WhiteElo "2041"]
[BlackElo "1902"]
[PlyCount "74"]
[EventDate "2018.07.07"]
[EventType "swiss"]
[EventRounds "9"]
[EventCountry "NOR"]
[SourceTitle "EXT 2024"]
[Source "ChessBase"]
[SourceDate "2023.10.10"]
[SourceVersion "1"]
[SourceVersionDate "2023.10.10"]
[SourceQuality "1"]

1. d4 Nf6 2. c4 e6 3. Nf3 d5 4. Nc3 c6 5. e3 Nbd7 6. Bd3 dxc4 7. Bxc4 b5 8. Bd3 Bb7 9. 0-0 a6 10. a4 b4 11. Ne4 c5 12. Nxf6+ Nxf6 13. Qe2 cxd4 14. Rd1 Bd6 15. Nxd4 0-0 16. h3 Qb6 17. Bd2 a5 18. Rac1 Rac8 19. Bc4 Bb8 20. Be1 Rfd8 21. Nb5 Rxd1 22. Rxd1 Qc6 23. f3 h6 24. b3 Qc5 25. Qd3 Qe5 26. f4 Qc5 27. Qd4 Qc6 28. Rd2 Ne4 29. Rc2 Qe8 30. Qd1 Rd8 31. Qe2 e5 32. f5 Qd7 33. g4 Ng5 34. Bg3 Nxh3+ 35. Kh2 Ng5 36. Bh4 Nf3+ 37. Kg3 e4+ 0-1

[Event "Reykjavik op"]
[Site "Reykjavik"]
[Date "2015.03.13"]
[Round "5"]
[White "Fjallheim, Leif Reinert"]
[Black "Johansen, Lars"]
[Result "0-1"]
[WhiteElo "1525"]
[BlackElo "1855"]
[PlyCount "72"]
[EventDate "2015.03.10"]
[EventType "swiss"]
[EventRounds "10"]
[EventCountry "ISL"]
[SourceTitle "CBM 165 Extra"]
[Source "ChessBase"]
[SourceDate "2015.04.21"]
[SourceVersion "1"]
[SourceVersionDate "2015.04.21"]
[SourceQuality "1"]

1. e4 d6 2. d4 Nf6 3. Nc3 g6 4. Nf3 Bg7 5. Bg5 0-0 6. Bc4 c6 7. e5 d5 8. Bd3 Ne8 9. Qd2 Bg4 10. Nh4 Nd7 11. h3 Be6 12. Be2 c5 13. Bf4 cxd4 14. Qxd4 f6 15. Nf3 fxe5 16. Bxe5 Nxe5 17. Nxe5 Nd6 18. f4 Nf5 19. Qd3 d4 20. Ne4 Ne3 21. g3 Qa5+ 22. Nd2 Bxe5 23. fxe5 Bc4 24. Qe4 Bd5 25. Qd3 Bxh1 26. Qb3+ Bd5 27. Qb5 Qxb5 28. Bxb5 Nxc2+ 29. Ke2 Nxa1 30. Kd3 a6 31. Bd7 Rad8 32. e6 Bc6 33. Bxc6 bxc6 34. Nc4 Rf3+ 35. Ke4 Re3+ 36. Kf4 Rxe6 0-1

[Event "Kragero Grand Prix A"]
[Site "Kragero"]
[Date "2013.09.??"]
[Round "4"]
[White "Soreng, Eirik"]
[Black "Johansen, Lars"]
[Result "1-0"]
[WhiteElo "1656"]
[BlackElo "1845"]
[PlyCount "45"]
[EventDate "2013.08.31"]
[EventType "swiss"]
[EventRounds "5"]
[EventCountry "NOR"]
[SourceTitle "EXT 2024"]
[Source "ChessBase"]
[SourceDate "2023.10.10"]
[SourceVersion "1"]
[SourceVersionDate "2023.10.10"]
[SourceQuality "1"]

1. c4 e5 2. g3 Nc6 3. Bg2 f5 4. Nc3 Nf6 5. e3 Bb4 6. Nge2 0-0 7. 0-0 d6 8. d3 Rb8 9. a3 Bxc3 10. Nxc3 Be6 11. b4 Ne7 12. Bb2 Qe8 13. Nb5 Qd8 14. Rc1 c6 15. Nc3 Qe8 16. b5 f4 17. exf4 exf4 18. Re1 Qf7 19. Qe2 fxg3 20. hxg3 Bf5 21. Qxe7 Qh5 22. Ne4 Ng4 23. Qxg7# 1-0

[Event "Kragero Grand Prix A"]
[Site "Kragero"]
[Date "2013.08.31"]
[Round "1"]
[White "Machlik, Jon"]
[Black "Johansen, Lars"]
[Result "0-1"]
[WhiteElo "1661"]
[BlackElo "1845"]
[PlyCount "56"]
[EventDate "2013.08.31"]
[EventType "swiss"]
[EventRounds "5"]
[EventCountry "NOR"]
[SourceTitle "EXT 2024"]
[Source "ChessBase"]
[SourceDate "2023.10.10"]
[SourceVersion "1"]
[SourceVersionDate "2023.10.10"]
[SourceQuality "1"]

1. e4 e5 2. Nf3 Nc6 3. Bc4 Bc5 4. b4 Bxb4 5. c3 Ba5 6. d4 Nge7 7. Ng5 d5 8. exd5 b5 9. Qf3 0-0 10. d6 bxc4 11. dxe7 Qxe7 12. Qxc6 exd4+ 13. Kf1 Re8 14. g3 h6 15. Ba3 Qe2+ 16. Kg2 hxg5 17. Nd2 Rb8 18. Rab1 Bf5 19. Rxb8 Rxb8 20. Qc5 Be4+ 21. Nxe4 Qxe4+ 22. f3 Qe2+ 23. Kh3 Bxc3 24. Qxc7 Re8 25. Qxa7 Qxf3 26. Rb1 Qf5+ 27. Kg2 Re2+ 28. Kh1 Qxb1+ 0-1

[Event "NOR-ch Class1"]
[Site "Lillehammer"]
[Date "2013.06.29"]
[Round "2"]
[White "Nilsen, Martin"]
[Black "Johansen, Lars"]
[Result "1-0"]
[WhiteElo "1826"]
[BlackElo "1905"]
[PlyCount "63"]
[EventDate "2013.06.29"]
[EventType "swiss"]
[EventRounds "9"]
[EventCountry "NOR"]
[SourceTitle "EXT 2015"]
[Source "ChessBase"]
[SourceDate "2014.11.20"]
[SourceVersion "1"]
[SourceVersionDate "2014.11.20"]
[SourceQuality "1"]

1. e4 c5 2. c3 Nf6 3. e5 Nd5 4. d4 cxd4 5. Nf3 Nc6 6. Bc4 e6 7. Bxd5 exd5 8. 0-0 d6 9. Bf4 dxe5 10. Nxe5 Qf6 11. Re1 Be6 12. Nxc6 bxc6 13. Qa4 Kd7 14. Be5 Qg5 15. Qa6 Rc8 16. Qxa7+ Ke8 17. cxd4 Be7 18. Nc3 h5 19. Re3 h4 20. h3 Rh6 21. Ne2 Qf5 22. Bxg7 Rg6 23. Be5 f6 24. Nf4 fxe5 25. Nxg6 Qxg6 26. Rxe5 Bd6 27. Re3 Rc7 28. Qa5 Re7 29. Rae1 Bf4 30. Qa8+ Kf7 31. Rf3 Qg5 32. Qb8 1-0

[Event "NOR-ch Class1"]
[Site "Lillehammer"]
[Date "2013.06.29"]
[Round "8"]
[White "Tufta, Jon Gunnar"]
[Black "Johansen, Lars"]
[Result "0-1"]
[WhiteElo "1817"]
[BlackElo "1905"]
[PlyCount "22"]
[EventDate "2013.06.29"]
[EventType "swiss"]
[EventRounds "9"]
[EventCountry "NOR"]
[SourceTitle "EXT 2015"]
[Source "ChessBase"]
[SourceDate "2014.11.20"]
[SourceVersion "1"]
[SourceVersionDate "2014.11.20"]
[SourceQuality "1"]

1. e4 e6 2. d4 d5 3. exd5 exd5 4. Bd3 Nc6 5. c3 Bd6 6. h3 Nge7 7. Qc2 Ng6 8. Ne2 0-0 9. Be3 f5 10. Qd2 f4 11. Bxg6 fxe3 0-1

[Event "Norrkoeping Easter op"]
[Site "Norrkoeping"]
[Date "2013.03.29"]
[Round "1"]
[White "Gleizerov, Evgeny"]
[Black "Johansen, Lars"]
[Result "1-0"]
[WhiteElo "2546"]
[BlackElo "1953"]
[PlyCount "28"]
[EventDate "2013.03.29"]
[EventType "swiss"]
[EventRounds "8"]
[EventCountry "SWE"]
[SourceTitle "CBM 153 Extra"]
[Source "ChessBase"]
[SourceDate "2013.04.22"]
[SourceVersion "1"]
[SourceVersionDate "2013.04.22"]
[SourceQuality "1"]

1. d4 d5 2. c4 e6 3. Nf3 c5 4. cxd5 exd5 5. g3 Nf6 6. Bg2 Be7 7. 0-0 0-0 8. Nc3 Nc6 9. Bf4 Bf5 10. Rc1 Rc8 11. dxc5 d4 12. Nb5 d3 13. Nd6 Bxd6 14. Bxd6 Re8 1-0

[Event "Oslo ASKO Pinseturnering-A"]
[Site "Oslo"]
[Date "2009.05.30"]
[Round "2"]
[White "Aarnes, Carl Christian"]
[Black "Johansen, Lars"]
[Result "1-0"]
[WhiteElo "1591"]
[BlackElo "1802"]
[PlyCount "81"]
[EventDate "2009.05.30"]
[EventType "swiss"]
[EventRounds "6"]
[EventCountry "NOR"]
[SourceTitle "EXT 2011"]
[Source "ChessBase"]
[SourceDate "2010.11.26"]
[SourceVersion "1"]
[SourceVersionDate "2010.11.26"]
[SourceQuality "1"]

1. d4 Nf6 2. c4 g6 3. g3 Bg7 4. Bg2 0-0 5. Nc3 d6 6. Nf3 Na6 7. 0-0 c5 8. e3 Rb8 9. a3 Bd7 10. Qe2 Re8 11. d5 b5 12. Nxb5 Bxb5 13. cxb5 Nc7 14. a4 Ncxd5 15. Nd2 Nb4 16. Nc4 Nd7 17. Bd2 a5 18. bxa6 Nxa6 19. Rab1 Nb4 20. Rfc1 Ne5 21. Nxe5 Bxe5 22. b3 Qd7 23. Rc4 Nc6 24. Qd3 Qc7 25. b4 Bg7 26. Bxc6 Qxc6 27. b5 Qa8 28. a5 Rec8 29. Qc2 e6 30. b6 Qa6 31. Qb3 d5 32. Rc2 c4 33. Qb5 Qxb5 34. Rxb5 c3 35. Bc1 Bf8 36. a6 Bc5 37. b7 Rc7 38. Rxc5 Rxc5 39. a7 Rcc8 40. Rxc3 Rxc3 41. axb8Q+ 1-0

[Event "Oslo ASKO Pinseturnering-A"]
[Site "Oslo"]
[Date "2009.05.30"]
[Round "6"]
[White "Johansen, Lars"]
[Black "Botheim, Tor"]
[Result "1-0"]
[WhiteElo "1802"]
[BlackElo "1727"]
[PlyCount "103"]
[EventDate "2009.05.30"]
[EventType "swiss"]
[EventRounds "6"]
[EventCountry "NOR"]
[SourceTitle "EXT 2011"]
[Source "ChessBase"]
[SourceDate "2010.11.26"]
[SourceVersion "1"]
[SourceVersionDate "2010.11.26"]
[SourceQuality "1"]

1. e4 e5 2. Nf3 Nc6 3. Bc4 Bc5 4. 0-0 Nf6 5. d3 d6 6. h3 h6 7. Qe2 Be6 8. Bb3 Qd7 9. Be3 Bb6 10. Nbd2 0-0-0 11. c3 Rde8 12. Bc2 Bxe3 13. Qxe3 d5 14. Ba4 d4 15. cxd4 exd4 16. Bxc6 Qxc6 17. Nxd4 Qd7 18. Rfc1 Kb8 19. a4 c6 20. b4 Rd8 21. N2f3 Rc8 22. b5 c5 23. Nxe6 fxe6 24. Rxc5 Rxc5 25. Qxc5 Qxd3 26. Rc1 Qd7 27. Ne5 Qe8 28. Qc7+ Ka8 29. Nf7 Rf8 30. Nd6 Qb8 31. Qe7 Rd8 32. e5 Nd7 33. Qxg7 Nxe5 34. Qxe5 Rxd6 35. Qxd6 Qxd6 36. Rc8+ Qb8 37. Rxb8+ Kxb8 38. g4 Kc7 39. f4 a6 40. bxa6 bxa6 41. Kf2 Kd6 42. Ke3 Kd5 43. h4 a5 44. Kd3 e5 45. fxe5 Kxe5 46. g5 hxg5 47. hxg5 Kf5 48. Kc4 Kxg5 49. Kb5 Kf5 50. Kxa5 Ke6 51. Kb6 Kd7 52. Kb7 1-0

[Event "Oslo ASKO Pinseturnering-A"]
[Site "Oslo"]
[Date "2009.05.30"]
[Round "4"]
[White "Ulvnes, Roar Nikolai"]
[Black "Johansen, Lars"]
[Result "0-1"]
[WhiteElo "1890"]
[BlackElo "1802"]
[PlyCount "56"]
[EventDate "2009.05.30"]
[EventType "swiss"]
[EventRounds "6"]
[EventCountry "NOR"]
[SourceTitle "EXT 2011"]
[Source "ChessBase"]
[SourceDate "2010.11.26"]
[SourceVersion "1"]
[SourceVersionDate "2010.11.26"]
[SourceQuality "1"]

1. e4 e5 2. Nf3 Nc6 3. Bb5 a6 4. Ba4 Nf6 5. Qe2 b5 6. Bb3 Bb7 7. c3 Be7 8. 0-0 0-0 9. Rd1 d5 10. d4 dxe4 11. Nxe5 Na5 12. Bc2 Qd5 13. b4 Nc6 14. Bb3 Qd8 15. a4 Qc8 16. axb5 Nxe5 17. dxe5 Ng4 18. bxa6 Qf5 19. Bb2 Bxa6 20. b5 Bxb5 21. c4 Bc6 22. Rxa8 Bxa8 23. Bc2 Bc5 24. Bd4 Bxd4 25. Rxd4 Qxe5 26. Qxg4 Qxd4 27. h4 Qxc4 28. Na3 Qc3 0-1

[Event "NOR-chB"]
[Site "Moss"]
[Date "2006.07.11"]
[Round "5"]
[White "Smeby, Ole"]
[Black "Johansen, Lars"]
[Result "1-0"]
[WhiteElo "1891"]
[BlackElo "1760"]
[PlyCount "77"]
[EventDate "2006.07.08"]
[EventType "swiss"]
[EventRounds "9"]
[EventCountry "NOR"]
[SourceTitle "EXT 2007"]
[Source "ChessBase"]
[SourceDate "2006.11.23"]
[SourceVersion "1"]
[SourceVersionDate "2006.11.23"]
[SourceQuality "1"]

1. d4 d5 2. c4 e6 3. Nf3 Nf6 4. e3 c6 5. Bd3 Nbd7 6. 0-0 Be7 7. Nc3 a6 8. a4 dxc4 9. Bxc4 c5 10. Qe2 cxd4 11. Nxd4 Ne5 12. Bb3 0-0 13. h3 Qa5 14. Bd2 Qb6 15. a5 Qd6 16. f4 Nc6 17. Nf3 Bd8 18. g4 Bxa5 19. g5 Bxc3 20. bxc3 Ne4 21. Be1 Ne7 22. Bc2 f5 23. gxf6 Nxf6 24. c4 Nc6 25. Rb1 a5 26. Bc3 Nb4 27. Rfd1 Qc5 28. Ba4 Ne4 29. Bd4 Qh5 30. Qg2 Qg6 31. Rb2 Qxg2+ 32. Rxg2 g6 33. h4 Nc6 34. h5 Nxd4 35. Rxd4 Nc5 36. Bc2 Kf7 37. hxg6+ hxg6 38. Ne5+ Ke8 39. Rgd2 1-0